Statistics for Word Puzzles - US State Capitals

Click here to take the quiz!

General Stats

  • This quiz has been taken 1,330 times
    (1,323 since last reset)
  • The average score is 11 of 20

Answer Stats

Word Puzzle Capital % Correct
Explorer Christopher _______Columbus
94%
Small + StoneLittle Rock
92%
Blood Pumping Organ + Motor CompanyHartford
84%
Summer Month + AAugusta
79%
Automobile + Male Child + Large TownCarson City
78%
Baseball Utenstil + 2000 lb + Red PowderBaton Rouge
75%
Saint Nicholas + Iron's Chemical SymbolSanta Fe
75%
Summer Month + AwarenessJuneau
70%
Mythological BirdPhoenix
66%
______ Bonham CarterHelena
61%
Young Men + NoticeBoise
58%
Seasoning + Pool + Large TownSalt Lake City
53%
Jump + MeadowSpringfield
46%
Pouch + Goat + Chewy MintsSacramento
45%
Whole Quantity + Prohibit + Leg JointAlbany
44%
Pillar + Stinging Insect + AColumbia
40%
Highest + Glimpse + ATopeka
32%
Giant + Comprehension + NoticeTallahassee
19%
Round Green Seed + Atmospheric GasPierre
11%
Timely PreparationProvidence
5%

Score Distribution

Percentile by Number Answered

Percent of People with Each Score

Your Score History

You have not taken this quiz since the last reset